[Event "Dubai op"]
[Site "Dubai"]
[Date "2000.05.04"]
[Round "6"]
[White "Ermenkov, Evgenij"]
[Black "Akopian, Vladimir Eduardovic"]
[Result "1/2-1/2"]
[WhiteElo "2449"]
[BlackElo "2660"]
[Annotator "Ermenkov,E"]
[PlyCount "31"]
[EventDate "2000.04.28"]
[EventType "swiss"]
[EventRounds "9"]
[EventCountry "UAE"]
[SourceTitle "EXT 2001"]
[Source "ChessBase"]
[SourceDate "2000.11.22"]
[SourceVersion "1"]
[SourceVersionDate "2000.11.22"]
[SourceQuality "1"]

1. e4 c5 2. Nf3 d6 3. d4 cxd4 4. Nxd4 Nf6 5. Nc3 a6 6. a4 {I have been playing
that move against the Naidorf for more than 15 years and I am very happy with
my positions and my results. Black has the choice of going into Dragon, or
Scheviningen or 6...Nc6 awaiting developments...} e5 {I am almost inclined to
put a question mark to this move.} 7. Nf3 Qc7 8. Bg5 Nbd7 9. Nd2 h6 ({One nice
example of what might happen after} 9... Be7 10. Be2 O-O 11. O-O b6 12. Nc4 Bb7
13. Ne3 h6 14. Bh4 Rfe8 15. Bc4 Nxe4 16. Nxe4 Bxe4 17. Bxe7 Rxe7 18. Bd5 Nf6
19. Bxe4 Nxe4 20. Nd5 Qb7 21. Nxe7+ Qxe7 22. Qd5 {1-0 Drozdov,I-Kos,T/
Ljubljana 1994/TD (22)}) ({or} 9... b6 10. Bc4 Bb7 11. Qe2 Be7 12. O-O O-O 13.
Rfd1 {Rfd1 with a clear advantage for White.}) 10. Bh4 ({GM Vasjukov advocates
} 10. Be3 $5 {with the idea of playing Nd5 later, and after taking with the
pawn i. e. ed, trying to form the pawn structure a5, b4, c4 and d5 on the
queen-side, after which the outlines of the middle game resemble some lines of
the Sveshnikov variation.}) 10... g5 (10... Be7 11. Bc4 g5 12. Bg3 Nf8 13. h4
g4 14. h5 Be6 15. Qe2 N8h7 16. a5 {with a small advantage for White,
Ermenkov-E. Bukic, Pula, 1991.}) 11. Bg3 Nc5 {According to theory Black is OK.
That seems to me ridiculous. Black already has an abominable pawn structure in
the center and on the king-side and after...} 12. h4 g4 13. h5 $1 {...White is
the clear-cut favorite to win the battle for the all-important "d5" square,
because this is what the 6. a4 e5 system is about...} Be6 14. a5 Bg7 {Intends
15...d5. This is a novelty but I am sure that Akopyan hardly knew that.
Obviously he was not happy with the consequences of} (14... d5 15. exd5 Nxd5
16. Nxd5 Bxd5 17. Nc4 {with a clear advantage for White.}) (14... Rg8 15. Ra3
Qc6 16. b4 Ncxe4 17. Ndxe4 Nxe4 18. b5 Qc5 19. Nxe4 Qb4+ {with advantage for
Black, Kazakov - Pavlov corr. Russia, 1995. It seems to me that 15.Bh4!?
deserves a serious attention as an improvement.}) 15. Bh4 Nxh5 16. Nc4 {
The position is complicated... Quite understandably Akopian agreed to a draw
with a remark: "I've no move here..." My only excuse was that this was the
only day in the Dubai Open - 2000 in which two rounds were played. Having
played the World Vice-Champ in the morning I had the pleasure to play the
Russian Champ in the evening. Sometimes it's hard to play chess professionally
nowadays in tournaments and make something out of it...} (16. Nc4 Bxc4 (16...
O-O 17. Qxd6 (17. Nb6 $1 {also looks very promising, threatening the Rook on
a8, as well as the almighty 18.Ncd5.}) 17... Qxd6 (17... Rac8 {loses to} 18.
Be7 Rfe8 19. Qxc5 Qxc5 20. Bxc5 Rxc5 21. Nd6) 18. Nxd6 {is possible with a
better endgame for White.}) 17. Bxc4 {is out of question for Black.}) 1/2-1/2

[Event "Linares 18th"]
[Site "Linares"]
[Date "2001.02.24"]
[Round "2"]
[White "Kasparov, Garry"]
[Black "Polgar, Judit"]
[Result "1/2-1/2"]
[WhiteElo "2849"]
[BlackElo "2676"]
[Annotator "Ernst,T"]
[PlyCount "54"]
[EventDate "2001.02.23"]
[EventType "tourn"]
[EventRounds "10"]
[EventCountry "ESP"]
[EventCategory "19"]
[SourceTitle "CBM 082"]
[Source "ChessBase"]
[SourceDate "2001.05.17"]
[SourceVersion "1"]
[SourceVersionDate "2001.05.17"]
[SourceQuality "1"]

1. e4 c5 2. Nf3 d6 3. d4 cxd4 4. Nxd4 Nf6 5. Nc3 a6 6. Be3 Ng4 7. Bg5 h6 8. Bh4
g5 9. Bg3 Bg7 10. h3 Ne5 11. f3 Nbc6 12. Bf2 Be6 13. Qd2 Nxd4 14. Bxd4 Qa5 15.
a3 Rg8 16. h4 Rc8 17. hxg5 hxg5 18. O-O-O Nc4 19. Bxc4 Bxd4 20. Qxd4 Rxc4 21.
Qa7 Qc7 22. Kb1 Rc5 23. Nd5 Bxd5 24. exd5 Kf8 25. Rd2 $2 (25. Rh7 $1 {Kasparov}
Rxc2 26. Qe3 Qc5 $1 (26... Rxg2 27. Rc1 Qd7 28. Ka1 $14) 27. Qe4 Rxg2 28. Re1
$1 {An important zwischenzug.} Qc7 29. Rc1 Qd7 30. Ka1 $14) 25... Kg7 26. b4 b5
27. Qxa6 Rc3 1/2-1/2

[Event "Hastings 9293"]
[Site "Hastings"]
[Date "1992.??.??"]
[Round "3"]
[White "Nunn, John DM"]
[Black "Sadler, Matthew D"]
[Result "1/2-1/2"]
[WhiteElo "2595"]
[BlackElo "2515"]
[Annotator "Ernst,T"]
[PlyCount "61"]
[EventDate "1992.12.??"]
[EventType "tourn"]
[EventRounds "14"]
[EventCountry "ENG"]
[EventCategory "13"]
[SourceTitle "CBM 033"]
[Source "ChessBase"]
[SourceDate "1993.04.01"]
[SourceVersion "1"]
[SourceVersionDate "1993.04.01"]
[SourceQuality "1"]

1. e4 c5 2. Nf3 d6 3. d4 cxd4 4. Nxd4 Nf6 5. Nc3 a6 6. Be3 Ng4 7. Bg5 (7. Bc4
$5 Nxe3 8. fxe3 e6 9. O-O Nc6 $1 (9... Be7 10. Qh5 $16) 10. Nxc6 bxc6 11. Qf3
$13) 7... h6 (7... Nc6 8. Qd2 Qb6 9. Nb3 e6 10. h3 Nge5 11. f4 Ng6 12. f5 Nge5
13. Be2 Bd7 14. Be3 Qc7 15. O-O Na5 16. fxe6 fxe6 17. Nxa5 Qxa5 18. Rad1 {
Byrne,R-Browne,W/USA/1970/1-0/33/}) (7... Qb6 8. Nd5 Qd8 9. Bc4 h6 10. Bh4 g5
11. Bg3 h5 12. h3 Ne5 13. Bb3 e6 14. Nc3 h4 15. Bh2 Nbc6 16. Nxc6 bxc6 17. Qd2
Qa5 18. O-O-O {Mainka,R-Bachler,R/Vienna op/1991/1-0/23/}) 8. Bh4 g5 9. Nf5
$146 (9. Bg3 Bg7 10. Be2 (10. Bc4 Nc6 11. Nf5 Bxc3+ 12. bxc3 Nce5 13. Be2 Bxf5
14. exf5 Qa5 15. O-O $13 {Smirin,I-Malishauskas,V/Vilnius/1988/1/2-1/2/46/})
10... h5 $5 (10... Ne5 11. Qd2 $16) 11. h4 (11. h3 h4 $1) 11... gxh4 (11... Nc6
12. Nxc6 $6 bxc6 13. hxg5 Rb8 14. Qc1 Qa5 15. O-O h4 16. Bf4 Bd4 $1 $36) 12.
Bxh4 Nc6 13. Nb3 Be6 $1 (13... Bxc3+ $5 14. bxc3 Be6 {Cseshkovsky,V-Ruban,V/
HUN/1990/0-1/58/} (14... Qc7 $5) 15. Nd4 $1 Qa5 16. Qd2 $16) 14. Qd2 Qb6 15.
Nd5 $8 (15. Bxg4 $2 hxg4 16. O-O-O a5 $17) 15... Bxd5 16. exd5 (16. Qxd5 Bxb2
17. Rd1 Bc3+ 18. Kf1 Bf6 19. Bg3 h4 $1 20. Bxg4 hxg3 21. Rxh8+ Bxh8 22. fxg3
Be5 $17) 16... Nce5 $36) 9... e6 10. Qxg4 exf5 11. exf5 gxh4 12. Qd4 Rg8 (12...
f6 13. O-O-O Nc6 14. Qxh4 $44) (12... Qe7+ 13. Kd2 $1) 13. Ne4 Be7 14. f6 Qa5+
15. b4 Qe5 (15... Nc6 $2 16. fxe7 $1 Nxd4 17. Nf6+ Kxe7 18. Nxg8+ Kf8 19. bxa5
Nxc2+ 20. Kd2 Nxa1 21. Nf6 Bf5 22. Bd3 $18) 16. Qxe5 dxe5 17. fxe7 Kxe7 18.
O-O-O Nc6 19. a3 Rg6 20. Nc3 Be6 21. g3 a5 $1 22. b5 Nd4 23. Bg2 Rc8 24. Kb2
Rc5 25. a4 b6 26. Rhe1 f6 27. Re3 Rg8 28. Rd2 Rgc8 29. f4 Rc4 30. fxe5 fxe5 31.
gxh4 1/2-1/2

[Event "SWE-chT"]
[Site "Sweden"]
[Date "1995.??.??"]
[Round "?"]
[White "Ernst, Thomas"]
[Black "Hillarp Persson, Tiger"]
[Result "1-0"]
[WhiteElo "2465"]
[BlackElo "2400"]
[Annotator "Ernst,T"]
[PlyCount "55"]
[EventDate "1995.??.??"]
[EventType "team"]
[EventRounds "1"]
[EventCountry "SWE"]
[SourceTitle "CBM 046"]
[Source "ChessBase"]
[SourceDate "1995.06.01"]
[SourceVersion "1"]
[SourceVersionDate "1995.06.01"]
[SourceQuality "1"]

1. e4 c5 2. Nf3 d6 3. d4 cxd4 4. Nxd4 Nf6 5. Nc3 a6 6. Be3 e5 7. Nf3 (7. Nb3)
7... Be7 (7... Qc7) 8. Bc4 Be6 (8... O-O 9. Qe2 $14 {/\ 0-0-0} (9. O-O) (9. Ng5
$6 h6 10. h4 Nbd7 $5 (10... hxg5 $2 11. hxg5 Ng4 12. g6))) 9. Bxe6 fxe6 10. Ng5
Qd7 11. Qf3 Nc6 {Not a novelty as I thought during the game.} (11... d5 $14)
12. Qh3 $1 $146 (12. Na4 Bd8 13. Qh3 Ke7 14. O-O-O h6 15. Nc5 Qc8 16. Nxb7 Bc7
$13) (12. Rd1 h6 13. Qh3 Nd8 14. Bb6 O-O 15. Bxd8 hxg5 16. Bxe7 Qxe7 17. Qg3 {
1/2/Kudrin,S-De Firmian,N/USA/1987}) 12... h6 $6 (12... Nd8 $6 13. Bb6 $18 (13.
O-O-O $2 h6 $10 {Suetin})) (12... d5 $1 13. Nxe6 $1 d4 14. Nxg7+ Kf7 15. Nf5
dxe3 (15... dxc3 16. O-O Rag8 17. Rad1 Qc8 (17... Qc7) 18. f4 Rg6 19. fxe5 Nxe5
20. Bd4 $16) 16. fxe3 $1 (16. O-O $6 exf2+ 17. Kh1 (17. Rxf2 $2 Bc5 $17) 17...
Nd4 $1 (17... Bc5 18. Rad1 Qe6 19. Na4) (17... Rhg8 18. Rad1 Nd4 19. Rxf2 Rg6
20. Nd5 Nxf5 21. Rxf5 Kg7 22. Rxf6 $18 {Hellers}) (17... Rhf8 18. Rad1 Qe8 19.
Qh6) 18. Rad1 Raf8 {Med planen att placera kungen på e8.} (18... Rhf8 19. Rxf2
Kg8 $2 20. Qg3+ $18) 19. Rxf2 Ke8 20. Rfd2 (20. Qe3 $2 Ng4) 20... Rhg8 21. Qe3
Ng4 22. Qe1 Bg5 23. Rd3 $13) 16... h5 17. O-O Raf8 18. Nd5 $18 Nxe4 $2 19. Nd6+
$18) (12... Nd4 13. O-O-O $1 Ng8 $5 14. Nxh7 O-O-O 15. Nf8 $1 Rxh3 16. Nxd7 Rh8
17. Nb6+ Kc7 18. Nc4 $18) (12... Nb4 13. Rc1 $16 (13. O-O-O $6)) 13. Na4 $1 (
13. Nxe6 $2 Kf7 $19) (13. Nf3 $10) 13... Bd8 (13... Nb4 $1 14. Nb6 Nxc2+ 15.
Kd2 Qc6 16. Rac1 (16. Nxa8 hxg5 17. Qxh8+ Kf7 18. f3 $2 (18. Rac1 $142 $1 {
- 16.Nxa8}) 18... Nxe3 $1 $13 (18... d5 $13) 19. Kxe3 Qc5+ 20. Ke2 Qc2+ 21. Ke1
Nxe4 (21... d5 22. a3 $5) 22. Qh5+ (22. fxe4 Qxe4+ $10) 22... g6 23. Qh7+ Kf6)
16... hxg5 17. Qxh8+ Kf7 18. Nxa8 (18. Qxa8 {Hillarp-Persson} Nxe4+ 19. Kd3 d5
(19... Nxf2+ 20. Bxf2 e4+ 21. Kd2 e3+ 22. Kd1 $18) 20. a4 $1 $18 (20. Rxc2 Qb5+
)) 18... Nxe4+ 19. Kd1 $1 (19. Kd3 d5 $1 {/\ 20..Qc4} 20. Rxc2 $2 Qb5+) (19.
Ke2 $2 Qc4+ 20. Kf3 g4+ 21. Kxg4 Nf6+ $19) 19... Nxe3+ 20. fxe3 Qa4+ $1 (20...
Qd5+ 21. Kc2 Qxa2 22. Rhf1+ Bf6 23. Nb6 Nc5 24. Qd8 $18 {Stefan Sanden}) 21.
Rc2 Nf2+ 22. Kc1 Nxh1 23. Qh5+ Kf6 24. Nc7 $18) 14. O-O-O $1 (14. O-O b5 15.
Nc3 Ba5 $132) (14. Nxe6 Ba5+ 15. c3 Kf7 16. b4 Nxb4 $1) 14... hxg5 15. Qxh8+
Kf7 {[#]} 16. h4 $1 Nb4 (16... g4 17. h5 {/\ 18.h6 gxh6 19.Rxh6 /\ 20.Rh7+
Nxh7 21.Qxh7 Ke8 22.Qg8+ Ke7 23.Bg5#.}) (16... Rc8 17. Nc5 {/\ 18.hxg5}) (16...
gxh4 $142 {Cramling,P} 17. Qxh4 Rc8 18. Nc3 (18. Nc5 $2 Qc7 $1) 18... Ba5 (
18... b5 19. g4 b4 20. Ne2 Nxe4 21. Qh5+ Kf8 $8 22. g5 $1 (22. Qg6 Nf6 23. Rh8+
Ng8) 22... d5 23. f3 $18) 19. g4 Bxc3 20. bxc3 Ne7 (20... Na5 21. g5 Nc4 22.
gxf6 Qb5 23. Qh5+ $18 {>< Kf7}) (20... Nxe4 21. g5 Nxc3 22. g6+ $1 $18) 21. g5
Ng6 22. Qg3 Ne8 (22... Rxc3 23. gxf6 Qa4 24. Kd2 Rxc2+ 25. Ke1 Qxe4 (25... Qc4
26. Qf3) 26. Rh7 Kxf6 27. Qg5+ Kf7 28. Qh6 Qb4+ 29. Kf1 Qc4+ 30. Kg2 Qg4+ 31.
Kh2 Nf4 (31... Nh4 32. Qxh4 Qxd1 33. Qg5 $18) 32. Rg1 $18) 23. Qf3+ Ke7 24. Qh5
Rxc3 25. Qxg6 Qa4 26. Kd2 Rxc2+ 27. Ke1 Qc4 28. Bd2 $18) 17. Nc3 gxh4 18. Qxh4
Rc8 19. a3 (19. g4 $2 Qc6 $1 {/\ 20..Nxa2,20..Nxe4}) 19... Nc6 20. g4 Na5 (
20... g6 21. Bg5 (21. Qh8 {/\ 22.Rh7+.})) 21. g5 Rxc3 22. bxc3 Qa4 (22... Nc4
23. gxf6 Qb5 24. Qh5+ g6 $8 25. Qh7+ Ke8 $8 26. f7+ Kd7 27. f8=Q+ Kc8 28. Qxd8+
Kxd8 29. Qg8+ Kd7 30. Rh7+ Kc6 31. Qe8#) (22... Ng8 23. Qh5+ Kf8 24. Qf3+ {
/\ 25.Rh8 /\ 25.Rh7.}) 23. gxf6 Bxf6 24. Qh5+ Ke7 25. Bg5 Nc4 26. Bxf6+ gxf6
27. Rd3 Qxa3+ 28. Kd1 1-0

[Event "Santiago m"]
[Site "Santiago de Chile"]
[Date "1997.01.21"]
[Round "5"]
[White "Adams, Michael"]
[Black "Morovic Fernandez, Ivan"]
[Result "1-0"]
[WhiteElo "2660"]
[BlackElo "2580"]
[Annotator "Ernst,T"]
[PlyCount "97"]
[EventDate "1997.01.16"]
[EventType "match"]
[EventRounds "6"]
[EventCountry "CHI"]
[SourceTitle "CBM 057"]
[Source "ChessBase"]
[SourceDate "1997.04.01"]
[SourceVersion "1"]
[SourceVersionDate "1997.04.01"]
[SourceQuality "1"]

1. e4 c5 2. Nf3 d6 3. d4 cxd4 4. Nxd4 Nf6 5. Nc3 a6 6. Bd3 e5 (6... g6 $5) 7.
Nde2 h6 $6 (7... Nbd7 8. O-O b5 9. b4 Bb7 10. a4 bxa4 11. Bg5 Be7 12. Rxa4 {
1-0 Campora,D-Sutovskij,E/Biel Credis 1996 (29)}) (7... g6 8. O-O Bg7 9. f4 Nc6
10. Qe1 exf4 11. Nxf4 Ne5 {0-1 Kiselev,M-Vaulin,A/St.Petersburg op 1994 (59)})
(7... Be7 8. O-O Nbd7 9. Be3 b5 10. Ng3 g6 11. b4 Bb7 12. a4 bxa4 13. Rxa4 Nb6
14. Ra5 Qc8 15. Bxb6 Qxc3 16. Qa1 {1-0 Larsen,B-Portisch,L/London 1986 (27)})
8. O-O Be7 9. a4 O-O 10. f4 Nc6 11. Kh1 Bd7 12. Be3 Rc8 13. Qe1 Nb4 14. a5 Bc6
(14... Be6 $5 15. f5 Bc4) 15. Ng3 d5 $6 16. fxe5 Nxe4 17. Bxe4 dxe4 18. Nf5 Bd7
19. Rd1 Rc6 20. Bb6 (20. Qe2 Z0 (20... Kh8 21. Nxe4 Rxc2 22. Qh5 $40) 21. Rxd7
Qxd7 22. Qg4 {[%cal Yg4g7,Yg4f5,Yf5d7]}) 20... Qe8 21. Nxe7+ Qxe7 22. Qxe4 Re8
$1 $132 23. Rd4 (23. Rf4 g5) 23... f5 24. exf6 Rxf6 25. Rg1 Qf8 26. Qh4 g5 27.
Qh5 Bc6 28. Rd2 Kh7 29. Qd1 Qf7 30. Bc5 Qc4 31. Rd7+ (31. Bxb4 $142 Qxb4 32.
Nd5 Bxd5 33. Rxd5 $16) 31... Kg8 32. Bxb4 Rf2 $1 (32... Qxb4 33. Nd5) 33. Rd4
Bxg2+ 34. Rxg2 Rf1+ 35. Rg1 Qc6+ 36. Rd5 Rxd1 37. Rgxd1 Qc4 38. R5d4 Qf7 $4 (
38... Re1+ $142 39. Rxe1 Qxd4 40. Re8+ Kf7 41. Re7+ Kg6 42. Rxb7 Qf2 43. Rb6+
Kh5 44. h3 Qf1+ 45. Kh2 Qf2+ $11) 39. Kg2 Qf5 40. Rf1 Qxc2+ 41. Rf2 $18 Qg6 42.
Nd5 Qc6 43. Kg1 Qc1+ 44. Rf1 Qc8 45. Nf6+ Kg7 46. Nxe8+ Qxe8 47. Re1 Qc8 48.
Bc3 Kg6 49. Rd6+ 1-0

[Event "Olympiad-34"]
[Site "Istanbul"]
[Date "2000.11.07"]
[Round "10.4"]
[White "De Firmian, Nick E"]
[Black "Ruck, Robert"]
[Result "1-0"]
[WhiteElo "2567"]
[BlackElo "2489"]
[Annotator "Ernst,T"]
[PlyCount "79"]
[EventDate "2000.10.28"]
[EventType "team-swiss"]
[EventRounds "14"]
[EventCountry "TUR"]
[SourceTitle "EXT 2001"]
[Source "ChessBase"]
[SourceDate "2000.11.22"]
[SourceVersion "1"]
[SourceVersionDate "2000.11.22"]
[SourceQuality "1"]
[WhiteTeam "US of America"]
[BlackTeam "Hungary"]
[WhiteTeamCountry "USA"]
[BlackTeamCountry "HUN"]

1. e4 c5 2. Nf3 d6 3. d4 cxd4 4. Nxd4 Nf6 5. Nc3 a6 6. Be3 Ng4 7. Bg5 h6 8. Bh4
g5 9. Bg3 Bg7 10. h3 Ne5 (10... Nf6 11. Qf3 Qb6 12. O-O-O Nc6 13. Nxc6 Qxc6 {
Shirov-Kasparov/Sarajevo/2000/} 14. Be2 $16) 11. f3 Nbc6 12. Bf2 Be6 13. Qd2
Nxd4 14. Bxd4 Qa5 15. a3 Bf6 16. O-O-O Rc8 17. Kb1 Kf8 18. h4 Rg8 19. hxg5 hxg5
20. Qe3 Nd7 21. g3 Bxd4 22. Rxd4 Qc5 23. f4 Nf6 24. Qd2 b5 25. Be2 Rb8 26. f5
Bc4 27. b4 Qc6 28. Bxc4 bxc4 29. Nd5 Nd7 (29... Nxd5 30. exd5 c3 (30... Qa4 31.
Kb2 $16) 31. Qd3 Qa4 32. Ka2 $16) 30. Rh5 a5 31. Qh2 Ke8 (31... axb4 32. Rh8
bxa3+ 33. Kc1 $40) 32. Rh8 $16 Rf8 33. Qh6 axb4 34. axb4 Rxh8 35. Qxh8+ Nf8 36.
Qg7 Qa4 37. Rxc4 $18 Qa7 38. Qxg5 Kd8 39. f6 e6 40. Qg8 1-0

[Event "EU-ch 20th"]
[Site "Skopje"]
[Date "2019.03.20"]
[Round "3"]
[White "Zanan, Evgeny"]
[Black "Yilmaz, Mustafa"]
[Result "0-1"]
[WhiteElo "2514"]
[BlackElo "2636"]
[Annotator "Fernandez,D"]
[PlyCount "58"]
[EventDate "2019.03.18"]
[EventType "swiss"]
[EventRounds "11"]
[EventCountry "MKD"]
[Tiebreak "Sum of Buchholz"]
[SourceTitle "CBM 189"]
[Source "ChessBase"]
[SourceDate "2019.04.29"]
[SourceVersion "1"]
[SourceVersionDate "2019.04.29"]
[SourceQuality "1"]

{[%evp 0,58,19,31,72,53,86,88,62,42,48,26,77,61,48,23,23,29,72,40,51,46,48,45,
42,4,-22,-50,-26,-26,45,-39,-40,-60,-42,-54,-63,-64,-59,-61,-51,-70,-68,-153,
-211,-207,-168,-177,-169,-169,-175,-193,-151,-403,-403,-434,-1,-25,-875,-893,
-876]} 1. e4 c5 2. Nf3 d6 3. d4 cxd4 4. Nxd4 Nf6 5. Nc3 a6 6. Be3 e5 7. Nb3 Be6
8. f3 h5 (8... Be7 {is an absolute main line and may be the best order for
delaying White's g4}) (8... Nc6 $5) 9. Nd5 Bxd5 10. exd5 Nbd7 11. Qd2 (11. a4
Rc8 12. a5 {may indeed deprive Black of ...Nb6, but now Black is more
interested in the e5 square and other dark squares and could continue} g6 13.
Qd2 Bg7 14. Be2 e4 $1 $40) 11... g6 12. O-O-O (12. Be2 {Trying to castle short.
While annotating Leko-Saric for this site, I noted the following precedent
game:} Bg7 13. Na5 (13. O-O b6 14. c4 O-O $11 {Topalov,V-Vachier Lagrave,M
Paris 2017}) 13... Qc7 14. c4 O-O 15. O-O e4 16. f4 (16. b4 $5 $132) 16... Ng4
$11 {Adair,J-Gormally,D Llandudno 2017}) (12. Na5 {is another
long-castling-like move}) 12... Nb6 (12... Qc7 $5 13. Kb1 Bg7 14. Be2 O-O (
14... a5 $5 {could be worth considering since White has already committed the
Bf1, and not to b5:} 15. Bb5 (15. a4 O-O 16. g4 Nb6 $15) 15... a4 16. Na1 O-O
17. c4 Nc5 $132) 15. g4 $1 {This was Leko's contribution and I think it gains
an edge.} Rfc8 (15... a5 16. g5 Ne8 17. Qd3 $40) (15... hxg4 16. fxg4 Nb6 17.
h4 $1 $40) 16. Rc1 a5 17. g5 Ne8 18. a4 $14 {Leko,P-Saric,I European Team
Championship 2017}) 13. Kb1 Nfxd5 {With this capture, Black discourages Bg5,
so it is definitely worth a look.} (13... Nbxd5 {It is still unclear to me
whether this capture equalises.} 14. Bg5 Be7 15. g3 $5 {was the precedent.} (
15. c4 Nb6 16. Na5 O-O $5 17. h4 d5 $13 {is the principled way for both sides
to go}) (15. Bc4 Nb6 $1 (15... Qc7 16. Bxd5 Nxd5 17. Bxe7 Nxe7 18. Qxd6 $14)
16. Na5 O-O 17. Bxf6 Bxf6 18. Qxd6 Kg7 $11) 15... O-O 16. f4 a5 (16... Nb6 $5 {
seems to equalise}) 17. Bg2 (17. a4 $14) 17... a4 $11 {Leko,P-Giri,A London
2012}) 14. Bf2 Nf6 15. Qe1 (15. Na5 $146 {was what I proposed in my notes to
the Leko game:} Qc7 16. Bh4 $1 Nfd7 (16... Be7 17. Bxf6 Bxf6 18. Qxd6 $14) (
16... Nbd7 $2 17. Nc4 $14) 17. f4 Rc8 18. Be2 {and practical tests are needed
here}) (15. Bd3 $11 {Saric,I-Palac,M Porec 2016}) (15. Bh4 Be7 16. Bxf6 Bxf6
17. Qxd6 {is what the computer says, but despite its initial enthusiasm I'm
not sure that this version of the ending is any better than the others, e.g.}
Qxd6 18. Rxd6 Bd8 $11) 15... Be7 16. g3 $6 {This line is difficult to play! In
many positions, g3 works just fine; here, though, it is simply too slow.} (16.
f4 exf4 $5 (16... e4 17. f5 $40 {looks more weakening}) 17. g3 fxg3 18. Bd4
Nbd7 19. hxg3 Qc7 20. g4 Ne5 $13 {White probably does have enough for two
pawns, but it is hard to come up with concrete ideas to get through to the
Black king, which is protected by the bulwark on e5.}) 16... Qc7 17. Bd3 (17.
f4 Na4 18. Bg2 Rc8 19. c3 b5 {sees Black commence aggressive operations.})
17... Rc8 18. f4 Nc4 19. Nd2 (19. Qe2 $15) 19... b5 20. h3 O-O 21. f5 (21. Bxc4
bxc4 22. Ne4 $17 {is just a pawn, but White should have done this.}) 21... d5
$1 22. Bxc4 (22. fxg6 Nxb2 $19) 22... bxc4 23. Nf3 Bd6 24. g4 Rb8 {The game is
already almost over.} 25. gxh5 Ne4 (25... Ba3 {was probably more clinical, and
only after} 26. b3 {then} Ne4 $19) 26. Qe3 (26. hxg6 Ba3 27. gxf7+ Rxf7 28.
Rg1+ Kh8 $19) 26... Bc5 27. Qh6 Rxb2+ $1 28. Kxb2 Rb8+ 29. Ka1 Qa5 {Mate is
inevitable. For instance, on Be1 there would follow Nc3.} 0-1